000
00330nam a22001337a 4500
008
180910b xxu||||| |||| 00| 0 eng d
020
_a
0891187782
041
_a
eng
080
_a
574
100
_a
9
101
_a
MJE
245
_a
Interactions of Soil Minerals with Natural Organics and Microbes
_c
Huang, P.M
942
_2
udc
_c
BK
999
_c
47633
_d
47633